00000000nam 2200000za 4500
0019.644062
003CaOODSP
00520240207110920
007cr |||||||||||
008150407|2012||||xxc|||||o    f|0| 0 fre d
040 |aCaOODSP|bfre
043 |an-cn---
0861 |aSE3-95/2012F-PDF
24500|aFavoriser l'engagement civique des jeunes par la collaboration |h[ressource électronique] : |brapport sur la Table ronde sur la participation électorale des jeunes / |cpar le Forum des politiques publiques et Élections Canada, sous la direction de Julie Cafley et Ryan Conway (Forum des politiques publiques), et de Neil Burron et Miriam Lapp (Élections Canada).
260 |aOttawa : |bÉlections Canada, |c2012.
300 |a23 p. : |bphotographies
500 |a« Le 4 septembre 2012. »
500 |aL'ISBN (978-1-927009-37-6) de l'édition imprimée bilingue a été copié dans l'édition électronique.
590 |a14-22-Supp|b2014-12-24
69107|aÉlections|2gcpds
69107|aJeunesse|2gcpds
7102 |aÉlections Canada.
77508|tBuilding youth civic engagement through collaboration |w(CaOODSP)9.700158
85640|qPDF|s1.04 Mo|uhttps://publications.gc.ca/collections/collection_2014/elections/SE3-95-2012-fra.pdf